000 00356pab a2200145 454500
008 180718b1989 xxu||||| |||| 00| 0 eng d
100 _aRoy, Durgadas
245 _aA theory of Cooperation
_bSome conflicting ideas
260 _c1989
300 _a80-9
362 _aApr.-June
650 _aCooperation
773 _aIndian Economic Journal
909 _a6650
999 _c6650
_d6650